[Event "Southwest op U2000 65th"]
[Site "Houston"]
[Date "1999.09.05"]
[Round "3"]
[White "Brady, Wallace"]
[Black "White, Lawrence E"]
[Result "0-1"]
[WhiteElo "1600"]
[BlackElo "1928"]
[PlyCount "108"]
[EventDate "1999.09.04"]
[EventType "swiss"]
[EventRounds "6"]
[EventCountry "USA"]
[SourceTitle "EXT 2001"]
[Source "ChessBase"]
[SourceDate "2000.11.22"]
[SourceVersion "1"]
[SourceVersionDate "2000.11.22"]
[SourceQuality "1"]

1. e4 e6 2. d3 d5 3. Nd2 c5 4. g3 Nc6 5. Bg2 Nf6 6. Ngf3 e5 7. 0-0 d4 8. Nc4 Qc7 9. Bg5 b5 10. Ncd2 Ng8 11. a4 bxa4 12. Nc4 h6 13. Bd2 Be6 14. Rxa4 Bxc4 15. Rxc4 Nf6 16. Nh4 Nd7 17. Ra4 Nb6 18. Ra2 c4 19. f4 Be7 20. Nf5 g6 21. Nxe7 Qxe7 22. fxe5 Nxe5 23. Bf4 cxd3 24. cxd3 Kf8 25. Qb3 Nbd7 26. Qd5 Kg7 27. Qxd4 f6 28. Rxa7 Rxa7 29. Qxa7 Nxd3 30. Rd1 Qc5+ 31. Be3 Qxa7 32. Bxa7 N7e5 33. Bd4 Rb8 34. Rb1 Rb3 35. Kf1 h5 36. Ke2 g5 37. Kd2 Nb4 38. Bc3 Nc4+ 39. Kc1 Ne3 40. Bf3 Na2+ 41. Kd2 Nxc3 42. bxc3 Rxb1 43. Kxe3 g4 44. Be2 Kf7 45. c4 Ke6 46. c5 Ke5 47. Bc4 Rb2 48. c6 Kd6 49. Bd5 Rxh2 50. Kf4 Rf2+ 51. Ke3 Rf3+ 52. Kd4 Rxg3 53. Kc4 h4 54. Kb5 Kc7 0-1

[Event "Southwest op U2000 65th"]
[Site "Houston"]
[Date "1999.09.04"]
[Round "1"]
[White "Lowe, John R"]
[Black "Brady, Wallace"]
[Result "0-1"]
[WhiteElo "1797"]
[BlackElo "1600"]
[PlyCount "48"]
[EventDate "1999.09.04"]
[EventType "swiss"]
[EventRounds "6"]
[EventCountry "USA"]
[SourceTitle "EXT 2001"]
[Source "ChessBase"]
[SourceDate "2000.11.22"]
[SourceVersion "1"]
[SourceVersionDate "2000.11.22"]
[SourceQuality "1"]

1. e4 e5 2. f4 Bc5 3. Nf3 d6 4. Nc3 Nf6 5. Bc4 0-0 6. fxe5 dxe5 7. Nxe5 Qd4 8. Rf1 Qxe5 9. d3 Nc6 10. Bf4 Qe7 11. Qd2 Bg4 12. h3 Be6 13. Bxe6 fxe6 14. 0-0-0 e5 15. Bg5 Qe6 16. Kb1 Nd4 17. Rde1 Bb4 18. a3 Ba5 19. b4 Bb6 20. Nd1 a5 21. b5 Nxb5 22. Kb2 Qd6 23. Ne3 Qxa3+ 24. Kb1 Nc3+ 0-1

[Event "Southwest op U2000 65th"]
[Site "Houston"]
[Date "1999.09.04"]
[Round "2"]
[White "Walsh, Jonathan R"]
[Black "Brady, Wallace"]
[Result "1-0"]
[WhiteElo "1810"]
[BlackElo "1600"]
[PlyCount "73"]
[EventDate "1999.09.04"]
[EventType "swiss"]
[EventRounds "6"]
[EventCountry "USA"]
[SourceTitle "EXT 2001"]
[Source "ChessBase"]
[SourceDate "2000.11.22"]
[SourceVersion "1"]
[SourceVersionDate "2000.11.22"]
[SourceQuality "1"]

1. e4 e5 2. Nf3 Nc6 3. Bc4 Bc5 4. c3 Nf6 5. d4 exd4 6. cxd4 Bb4+ 7. Nc3 Nxe4 8. 0-0 Nxc3 9. bxc3 Bxc3 10. Bxf7+ Kxf7 11. Ng5+ Kg8 12. Qf3 Qf6 13. Qxc3 Qxd4 14. Re1 g6 15. Qb3+ d5 16. Re8+ Kg7 17. Bb2 Rxe8 18. Bxd4+ Nxd4 19. Qxd5 Ne6 20. Qe5+ Kg8 21. Re1 Bd7 22. Ne4 Ng7 23. Nf6+ Kh8 24. Nxe8 Rxe8 25. Qa1 Be6 26. Qf6 Kg8 27. a3 Rf8 28. Qe7 Re8 29. Qxc7 Nf5 30. Qxb7 Re7 31. Qb8+ Kg7 32. Qe5+ Kf7 33. Qf4 Kg7 34. g4 Nh4 35. g5 Nf5 36. Qe5+ Kg8 37. Qf6 1-0